MARC details
| 000 -CABECERA |
| campo de control de longitud fija |
01027nam a2200277 a 4500 |
| 001 - NÚMERO DE CONTROL |
| campo de control |
000024866 |
| 005 - FECHA Y HORA DE LA ÚLTIMA TRANSACCIÓN |
| campo de control |
20200930023421.0 |
| 008 - DATOS DE LONGITUD FIJA--INFORMACIÓN GENERAL |
| campo de control de longitud fija |
100712s1967 ag 000 | spa d |
| 040 ## - FUENTE DE LA CATALOGACIÓN |
| Centro catalogador/agencia de origen |
DO-SdBNP |
| Lengua de catalogación |
spa |
| Centro/agencia transcriptor |
BNPHU |
| 041 17 - CÓDIGO DE LENGUA |
| Código de lengua del texto/banda sonora o título independiente |
eng |
| Código de lengua original |
spa |
| Fuente del código |
Código de idioma MARC |
| 082 ## - NÚMERO DE LA CLASIFICACIÓN DECIMAL DEWEY |
| Número de clasificación |
150.195 |
| Número de documento/Ítem |
H744i, 1967 |
| 049 ## - FONDOS LOCALES (OCLC) |
| Fondos de biblioteca |
BNGR |
| 100 1# - ENTRADA PRINCIPAL--NOMBRE DE PERSONA |
| Nombre de persona |
Hollitscher, Walter |
| 9 (RLIN) |
51032 |
| 240 10 - TÍTULO UNIFORME |
| Título uniforme |
Sigmund Freud : an introduction. |
| Lenguaje de la obra |
Español |
| 245 10 - MENCIÓN DE TÍTULO |
| Título |
Introducción al psicoanálisis / |
| Mención de responsabilidad, etc. |
Walter Hollitscher; traducción Gino Germani. |
| 250 ## - MENCIÓN DE EDICIÓN |
| Mención de edición |
5a ed. |
| 260 ## - PUBLICACIÓN, DISTRIBUCIÓN, ETC. |
| Lugar de publicación, distribución, etc. |
Buenos Aires, (Argentina) : |
| Nombre del editor, distribuidor, etc. |
Editorial Paidós, |
| Fecha de publicación, distribución, etc. |
1967. |
| 300 ## - DESCRIPCIÓN FÍSICA |
| Extensión |
175 p. ; |
| Dimensiones |
17 cm. |
| 490 1# - MENCIÓN DE SERIE |
| Mención de serie |
Biblioteca del Hombre Contemporáneo |
| Designación de volumen o secuencia |
3 |
| 534 ## - NOTA SOBRE LA VERSIÓN ORIGINAL |
| Encabezamiento principal del original |
Título original : |
| Mención de título del original |
Sigmund Freud : an introduction |
| 650 #4 - PUNTO DE ACCESO ADICIONAL DE MATERIA--TÉRMINO DE MATERIA |
| Término de materia o nombre geográfico como elemento de entrada |
Psicoanálisis |
| 9 (RLIN) |
1958 |
| 600 14 - PUNTO DE ACCESO ADICIONAL DE MATERIA--NOMBRE DE PERSONA |
| Nombre de persona |
FREUD, SIGMUND, 1856-1939 |
| Subdivisión general |
Crítica e interpretación. |
| 9 (RLIN) |
51033 |
| 650 #4 - PUNTO DE ACCESO ADICIONAL DE MATERIA--TÉRMINO DE MATERIA |
| Término de materia o nombre geográfico como elemento de entrada |
Psicoanálisis |
| Subdivisión general |
Terminología |
| 9 (RLIN) |
51034 |
| 700 1# - PUNTO DE ACCESO ADICIONAL--NOMBRE DE PERSONA |
| Nombre de persona |
Germani, Gino |
| Término indicativo de función/relación |
tr. |
| 9 (RLIN) |
51035 |
| 830 #0 - PUNTO DE ACCESO ADICIONAL DE SERIE-TÍTULO UNIFORME |
| Título uniforme |
Biblioteca del Hombre Contemporáneo, |
| Designación de volumen o secuencia |
3 |
| 9 (RLIN) |
51036 |